Nadine Picaudou , L’islam entre religion et idéologie , Essai sur la modernité musulmane. Gallimard, 2010, 310 pages, 21 € (notice n° 2056021)
[ vue normale ]
| 000 -LEADER | |
|---|---|
| fixed length control field | 00922cam a2200157 4500500 |
| 005 - DATE AND TIME OF LATEST TRANSACTION | |
| control field | 20260405002249.0 |
| 041 ## - LANGUAGE CODE | |
| Language code of text/sound track or separate title | fre |
| 042 ## - AUTHENTICATION CODE | |
| Authentication code | dc |
| 100 10 - MAIN ENTRY--PERSONAL NAME | |
| Personal name | Langhade, Jacques |
| Relator term | author |
| 245 00 - TITLE STATEMENT | |
| Title | Nadine Picaudou , L’islam entre religion et idéologie , Essai sur la modernité musulmane. Gallimard, 2010, 310 pages, 21 € |
| 260 ## - PUBLICATION, DISTRIBUTION, ETC. | |
| Date of publication, distribution, etc. | 2010.<br/> |
| 500 ## - GENERAL NOTE | |
| General note | 84 |
| 520 ## - SUMMARY, ETC. | |
| Summary, etc. | RésuméLa publication cette année de Laura, roman posthume et inachevé de Vladimir Nabokov (1899-1977) est l’occasion de revisiter l’œuvre de cet écrivain russe émigré aux Etats-Unis, du succès scandaleux de Lolita à son véritable chef-d’œuvre, Ada ou l’ardeur. Et d’évoquer aussi sa passion pour les papillons comme un miroir de son œuvre. |
| 786 0# - DATA SOURCE ENTRY | |
| Note | Études | Tom 413 | 11 | 2010-10-29 | p. XLII-XLII | 0014-1941 |
| 856 41 - ELECTRONIC LOCATION AND ACCESS | |
| Uniform Resource Identifier | <a href="https://shs.cairn.info/revue-etudes-2010-11-page-XLII?lang=fr&redirect-ssocas=7080">https://shs.cairn.info/revue-etudes-2010-11-page-XLII?lang=fr&redirect-ssocas=7080</a> |
Pas d'exemplaire disponible.




Réseaux sociaux